00454nam a2200181 a 4500001001300000003000900013005001700022008004100039020002300080082001500103100001700118245001200135260004300147500003500190505001000225650002000235700001700255nice12345678IN_TiNIC20260116014008.0050524s2000 lona grp 000 0 eng  a0000400 c40400a338.9bKLE aKlein, Naomi aNo Logo aLondon bCollins Religious Pub. c2000 aincludes index and biblioraphy2 aIndex aEconomic Policy1 aKlein, Naomi